000 00657nam a2200217 4500
003 LK-CoMWRAF
005 20240624135635.0
008 231116b1990 |||||||| |||| 00| 0 eng d
020 _a1560520027
040 _aLK-CoMWRAF
_dLK-CoMWRAF
_eLK-CoMWRAF
041 _aeng
082 _a371.9
_bCON
100 _aConlow, Rick
245 _aReturning to learning :
_bgetting your GED
260 _a Los Altos:
_bCrisp Publications,
_c1990
300 _a66 p.: ill.; 26 cm.
650 _aGeneral educational development tests -Study guides.
650 _aHigh school equivalency examinations -Study guides.
700 _aMapson, Ralph
_eills.
942 _cBK
999 _c4091
_d4091